Intellectual property and competitive strategies in the 21st century (Record no. 15740)

MARC details
000 -LEADER
fixed length control field 00664nam a2200193Ia 4500
003 - CONTROL NUMBER IDENTIFIER
control field IN-BaIIA
008 - FIXED-LENGTH DATA ELEMENTS--GENERAL INFORMATION
fixed length control field 211028s9999 xx 000 0 eng d
020 ## - INTERNATIONAL STANDARD BOOK NUMBER
International Standard Book Number 90-411-2119-6
040 ## - CATALOGING SOURCE
Transcribing agency IIA Library
080 ## - UNIVERSAL DECIMAL CLASSIFICATION NUMBER
Universal Decimal Classification number 347.78
Item number ALI
100 ## - MAIN ENTRY--PERSONAL NAME
Personal name Mashelkar, R.
9 (RLIN) 29017
245 #0 - TITLE STATEMENT
Title Intellectual property and competitive strategies in the 21st century
Statement of responsibility, etc. S. Alikhan and R. Mashelkar
260 ## - PUBLICATION, DISTRIBUTION, ETC.
Place of publication, distribution, etc. The Hague
Name of publisher, distributor, etc. Kluwer Law International
Date of publication, distribution, etc. 2004
300 ## - PHYSICAL DESCRIPTION
Extent xiii, 217p.
650 ## - SUBJECT ADDED ENTRY--TOPICAL TERM
Topical term or geographic name entry element Intellectual Property
9 (RLIN) 29018
650 ## - SUBJECT ADDED ENTRY--TOPICAL TERM
Topical term or geographic name entry element Intellectual property - Economic aspects
9 (RLIN) 29019
650 ## - SUBJECT ADDED ENTRY--TOPICAL TERM
Topical term or geographic name entry element Technological innovation
9 (RLIN) 29020
942 ## - ADDED ENTRY ELEMENTS (KOHA)
Koha item type Books
Holdings
Withdrawn status Lost status Damaged status Not for loan Home library Current library Shelving location Date acquired Source of acquisition Cost, normal purchase price Total Checkouts Full call number Barcode Date last seen Cost, replacement price Price effective from Koha item type Purchase Price
        IIA Library-Bangalore IIA Library-Bangalore General Stacks 14/09/2004 ANJ 4815.25   347.78/ ALI 16662 05/11/2021 4815.25 14/09/2004 Books Rs. 4815.25

Powered by Koha